<?xml version="1.0" encoding="UTF-8"?>
<collection xmlns="http://www.loc.gov/MARC21/slim">
 <record>
  <leader>01679nam a22002297a 4500</leader>
  <controlfield tag="001">NCT_76419</controlfield>
  <controlfield tag="008">200313b        xxu||||| |||| 00| 0 vie d</controlfield>
  <datafield tag="999" ind1=" " ind2=" ">
   <subfield code="c">3724</subfield>
   <subfield code="d">3724</subfield>
  </datafield>
  <datafield tag="020" ind1=" " ind2=" ">
   <subfield code="a">9786046969815</subfield>
   <subfield code="c">180000</subfield>
  </datafield>
  <datafield tag="082" ind1="0" ind2="4">
   <subfield code="2">23rd ed.</subfield>
   <subfield code="a">843</subfield>
   <subfield code="b">D886</subfield>
  </datafield>
  <datafield tag="100" ind1="1" ind2=" ">
   <subfield code="a">Dumas, Alexandre</subfield>
  </datafield>
  <datafield tag="245" ind1="1" ind2="0">
   <subfield code="a">Ba người lính ngự lâm</subfield>
   <subfield code="c">Alexandre Dumas; Trần Anh Vũ (Dịch); Maurice Leloir (Minh họa)</subfield>
  </datafield>
  <datafield tag="250" ind1=" " ind2=" ">
   <subfield code="a">Tái bản</subfield>
  </datafield>
  <datafield tag="260" ind1=" " ind2=" ">
   <subfield code="a">H.</subfield>
   <subfield code="b">Văn học</subfield>
   <subfield code="c">2016</subfield>
  </datafield>
  <datafield tag="300" ind1=" " ind2=" ">
   <subfield code="a">839 tr.</subfield>
   <subfield code="b">Minh họa</subfield>
   <subfield code="c">24cm</subfield>
  </datafield>
  <datafield tag="520" ind1="3" ind2=" ">
   <subfield code="a">Câu chuyện kể về ba người lính ngự lâm Athos, Porthos, Aramis và cậu thiếu niên xứ Gascogne d'Artagnan. Bốn chàng trai ấy đều xuất thân từ tầng lớp quý tộc trung bình hoặc thấp kém kết nghĩa trong một tình bạn keo sơn dù có hơi mù quáng &quot;Mọi người vì một người, một người vì mọi người&quot;. Giữa cảnh tao loạn của nước Pháp thế kỉ XVI, trong thế giới của những ông hoàng bà chúa đầy những âm mưu, thủ đoạn, bốn người bạn cùng nhau bước vào những cuộc phiêu lưu đầy chất anh hùng, nghĩa hiệp nhưng cũng đầy chất lãng mạn của tình yêu.</subfield>
  </datafield>
  <datafield tag="653" ind1=" " ind2=" ">
   <subfield code="a">Tham khảo</subfield>
  </datafield>
  <datafield tag="700" ind1="1" ind2=" ">
   <subfield code="a">Trần Anh Vũ</subfield>
   <subfield code="e">Dịch</subfield>
  </datafield>
  <datafield tag="700" ind1="1" ind2=" ">
   <subfield code="a">Leloir, Maurice</subfield>
   <subfield code="e">Minh họa</subfield>
  </datafield>
  <datafield tag="942" ind1=" " ind2=" ">
   <subfield code="2">ddc</subfield>
   <subfield code="c">BK</subfield>
  </datafield>
  <datafield tag="952" ind1=" " ind2=" ">
   <subfield code="0">0</subfield>
   <subfield code="1">0</subfield>
   <subfield code="2">ddc</subfield>
   <subfield code="4">0</subfield>
   <subfield code="6">843_000000000000000_D886</subfield>
   <subfield code="7">0</subfield>
   <subfield code="9">19086</subfield>
   <subfield code="a">000001</subfield>
   <subfield code="b">000001</subfield>
   <subfield code="d">2020-03-13</subfield>
   <subfield code="o">843 D886</subfield>
   <subfield code="p">TK.00725</subfield>
   <subfield code="r">2020-03-13</subfield>
   <subfield code="v">180000.00</subfield>
   <subfield code="w">2020-03-13</subfield>
   <subfield code="y">BK</subfield>
  </datafield>
  <datafield tag="980" ind1=" " ind2=" ">
   <subfield code="a">Thư viện Trường Đại học Nam Cần Thơ</subfield>
  </datafield>
 </record>
</collection>
